00981cam a2200265 a 4500001000500000005001700005020001500022040002300037050001300060082001600073100002400089245007000113250004500183260003500228300005900263505000800322520017700330521002000507521002000527650003300547650002200580650003300602650004000635700004000675348620250820104850.0 a0590169320 aDLCcDLCdDLCbeng00aE99.A34900a398.20899731 aMartin, Rafed1946-14aThe rough-face girl /cRafe Martin ; illustrated by David Shannon aFirst Scholastic printing , October 1993 aNew York :bScholastic ,c1992 a32 unnumbered pages : bcolor illustrations ; c29 cm. aM  aIn this Algonquin Indian version of the Cinderella story, the Rough-Face Girl and her two beautiful but heartless sisters compete for the affections of the Invisible Being. a540 bLexile  aM bRaz-Plus  0aAlgonquin IndiansxFolklore. 0aCinderella (Tale) 1aAlgonquin IndiansxFolklore. 1aIndians of North AmericaxFolklore.1 aShannon, Davidd1959-eillustrator